Top 10 Città più popolose Provincia di Savona - Statistics

Statistiche generali
  • Questo quiz è stato fatto 50 volte
  • Il punteggio medio è 7 su 10
Statistiche sulle risposte
Popolazione (ab.) Città % Corretto
60 661 Savona
95%
23 576 Albenga
86%
13 461 Varazze
86%
11 724 Finale Ligure
84%
11 026 Alassio
77%
8 880 Pietra Ligure
70%
11 563 Loano
65%
13 237 Cairo Montenotte
63%
8 232 Vado Ligure
58%
10 407 Albisola Superiore
42%
Nessun quiz corrispondente trovato
Distribuzione punteggi
Percentuale di utenti per punteggio
Percentile per numero di risposta
I tuoi punteggi nel tempo
Non hai fatto questo quiz